Normal view MARC view

Entry Meeting Name

Number of records used in: 1

001 - CONTROL NUMBER

  • control field: 19184

003 - CONTROL NUMBER IDENTIFIER

  • control field: OSt

005 - DATE AND TIME OF LATEST TRANSACTION

  • control field: 20211105134355.0

008 - FIXED-LENGTH DATA ELEMENTS

  • fixed length control field: 211105|| aca||aabn | a|a d

040 ## - CATALOGING SOURCE

  • Original cataloging agency: OSt
  • Transcribing agency: OSt

111 ## - HEADING--MEETING NAME

  • Meeting name or jurisdiction name as entry element: 1993 International Symposium on Directions in General Relativity
  • Location of meeting: Maryland
  • Date of meeting or treaty signing: 1993 May 22-29

670 ## - SOURCE DATA FOUND

  • Source citation: Work cat.: (OSt): Hu, B. L 19183, Directions in general Relativity, 1993

Powered by Koha